Energie : Economie et prospective

Gespeichert in:
Bibliographische Detailangaben
1. Verfasser: Gardel, Andre
Format: Buch
Sprache:Undetermined
Veröffentlicht: Paris Pergamon Press 1979
Schlagworte:
Tags: Tag hinzufügen
Keine Tags, Fügen Sie den ersten Tag hinzu!
Thư viện lưu trữ: Trung tâm Học liệu Trường Đại học Cần Thơ
LEADER 00488nam a2200193Ia 4500
001 CTU_81534
008 210402s9999 xx 000 0 und d
082 |a 333.7 
082 |b G218 
100 |a Gardel, Andre 
245 0 |a Energie : 
245 0 |b Economie et prospective 
245 0 |c Andre Gardel 
260 |a Paris 
260 |b Pergamon Press 
260 |c 1979 
650 |a Power resources 
904 |i Trọng Hải 
980 |a Trung tâm Học liệu Trường Đại học Cần Thơ